Dark times, dire decisions: Jews and communism
| Corporate Author: | |
|---|---|
| Contributors: | ; |
| Format: | Print Book |
| Language: | English |
| Subito Delivery Service: | Order now. |
| Check availability: | HBZ Gateway |
| WorldCat: | WorldCat |
| Interlibrary Loan: | Interlibrary Loan for the Fachinformationsdienste (Specialized Information Services in Germany) |
| Published: |
Oxford [u.a.]
Oxford University Press
2004
|
| In: |
Studies in contemporary jewry (20)
Year: 2004 |
| Series/Journal: | Studies in contemporary jewry
20 |
| Standardized Subjects / Keyword chains: | B
Jews
/ Communism
|
| Further subjects: | B
Jews
B Jewish communists - Congresses - History B Communism B JEWISH communists History Congresses B Conference program 2001 (Leipzig) B Communism and Judaism - Congresses - History B Jews - Book reviews - History B Conference program B Communism and Judaism History Congresses B Jews History Book reviews |
| Online Access: |
Contributor biographical information Table of Contents |
MARC
| LEADER | 00000cam a2200000 c 4500 | ||
|---|---|---|---|
| 001 | 394094085 | ||
| 003 | DE-627 | ||
| 005 | 20260128091421.0 | ||
| 007 | tu | ||
| 008 | 040914s2004 xxk||||| 00| ||eng c | ||
| 010 | |a 2004058337 | ||
| 020 | |a 9780195182248 |9 978-0-19-518224-8 | ||
| 020 | |a 0195182243 |9 0-19-518224-3 | ||
| 024 | 8 | |a 2004058337 |q Identnummer | |
| 035 | |a (DE-627)394094085 | ||
| 035 | |a (DE-576)117691763 | ||
| 035 | |a (DE-599)GBV394094085 | ||
| 035 | |a (OCoLC)834842778 | ||
| 035 | |a (OCoLC)56482387 | ||
| 040 | |a DE-627 |b ger |c DE-627 |e rakwb | ||
| 041 | |a eng | ||
| 044 | |c XA-GB |c XD-US |c XE-NZ | ||
| 050 | 0 | |a DS125 | |
| 050 | 0 | |a HX550.J4 | |
| 050 | 0 | |a HX550.J4 |a DS125.S75 no. 20 | |
| 082 | 0 | |a s | |
| 082 | 0 | |a 335.4/089/924 | |
| 082 | 0 | |a 909/.04924 s | |
| 082 | 0 | |a 909.04924 | |
| 082 | 0 | |a 335.4089924 | |
| 084 | |a 3,6 |2 ssgn | ||
| 084 | |a BD 1220 |2 rvk |0 (DE-625)rvk/9821: | ||
| 084 | |a NK 6774 |2 rvk |0 (DE-625)rvk/126117: | ||
| 084 | |a NK 6770 |q BVB |2 rvk |0 (DE-625)rvk/126113: | ||
| 084 | |a NY 1600 |q BVB |2 rvk |0 (DE-625)rvk/132328: | ||
| 084 | |a NY 4000 |q BVB |2 rvk |0 (DE-625)rvk/132334: | ||
| 084 | |a 15.96 |2 bkl | ||
| 084 | |a 89.15 |2 bkl | ||
| 245 | 0 | 0 | |a Dark times, dire decisions |b Jews and communism |c The Avraham Harman Institute of Contemporary Jewry, The Hebrew University of Jerusalem. Ed. by Jonathan Frankel. Guest symposium ed.: Dan Diner |
| 263 | |a 0411 | ||
| 264 | 1 | |a Oxford [u.a.] |b Oxford University Press |c 2004 | |
| 300 | |a XV, 393 S. |b Ill. | ||
| 336 | |a Text |b txt |2 rdacontent | ||
| 337 | |a ohne Hilfsmittel zu benutzen |b n |2 rdamedia | ||
| 338 | |a Band |b nc |2 rdacarrier | ||
| 490 | 1 | |a Studies in contemporary Jewry |v 20 | |
| 500 | |a Papers contributed to a symposium held at the Simon-Dubnow-Institut für Jüdische Geschichte und Kultur, Nov. 2001 - Includes bibliographical references and index | ||
| 505 | 8 | |a Literaturangaben | |
| 583 | 1 | |a Archivierung/Langzeitarchivierung gewährleistet |f SSG |x XA-DE-BW |2 pdager |5 DE-21 | |
| 583 | 1 | |a Archivierung prüfen |c 20240324 |f DE-4165 |z 3 |2 pdager | |
| 650 | 0 | |a Communism and Judaism |x History |v Congresses | |
| 650 | 0 | |a JEWISH communists |x History |v Congresses | |
| 650 | 0 | |a Jews |x History |v Book reviews | |
| 650 | 4 | |a Juden | |
| 650 | 4 | |a Kommunismus | |
| 650 | 4 | |a Communism and Judaism - Congresses - History | |
| 650 | 4 | |a Jewish communists - Congresses - History | |
| 650 | 4 | |a Jews - Book reviews - History | |
| 655 | 7 | |a Konferenzschrift |0 (DE-588)1071861417 |0 (DE-627)826484824 |0 (DE-576)433375485 |2 gnd-content | |
| 655 | 7 | |a Konferenzschrift |y 2001 |z Leipzig |0 (DE-588)1071861417 |0 (DE-627)826484824 |0 (DE-576)433375485 |2 gnd-content | |
| 689 | 0 | 0 | |d s |0 (DE-588)4028808-0 |0 (DE-627)10430670X |0 (DE-576)208979565 |2 gnd |a Juden |
| 689 | 0 | 1 | |d s |0 (DE-588)4031892-8 |0 (DE-627)10448389X |0 (DE-576)208994718 |2 gnd |a Kommunismus |
| 689 | 0 | |5 (DE-627) | |
| 700 | 1 | |e Hrsg. |0 (DE-588)142561185 |0 (DE-627)637297229 |0 (DE-576)33176220X |4 edt |a Frankel, Jonathan |d 1935-2008 | |
| 700 | 1 | |0 (DE-588)121240185 |0 (DE-627)081175590 |0 (DE-576)160742358 |4 oth |a Diner, Dan |d 1946- | |
| 710 | 2 | |0 (DE-588)3019458-1 |0 (DE-627)132901609 |0 (DE-576)194686744 |4 oth |a ham- Māḵôn le-Yahadût Zemannēnû ʿal Šēm Avrāhām Harman | |
| 830 | 0 | |a Studies in contemporary jewry |v 20 |9 20 |w (DE-627)129928682 |w (DE-576)015407209 |w (DE-600)353399-2 |x 0740-8625 |7 am | |
| 856 | 4 | 2 | |u http://www.gbv.de/dms/sub-hamburg/394094085.pdf |m V:DE-601 |m B:DE-18 |q pdf/application |x Verlag |y Inhaltsverzeichnis |3 Inhaltsverzeichnis |7 1 |
| 856 | 4 | 2 | |u http://www.loc.gov/catdir/enhancements/fy0724/2004058337-b.html |x Verlag |y Contributor biographical information |7 1 |
| 935 | |a mteo | ||
| 935 | |i Blocktest | ||
| 936 | r | v | |a BD 1220 |b Geschichte des Judentums |k Theologie und Religionswissenschaften |k Judaistik |k Allgemeines |k Gesamtdarstellungen |k Geschichte des Judentums |0 (DE-627)1270714228 |0 (DE-625)rvk/9821: |0 (DE-576)200714228 |
| 936 | r | v | |a NK 6774 |b Allgemeines |k Geschichte |k Weltgeschichte, Darstellungen Allgemeine Geschichte einzelner Staaten und Völker Teilgebiete der Geschichte, Sammelwerke |k Teilgebiete der Geschichte |k Geschichte der politischen und sozialen Ideen und Bewegungen und der politischen Parteien |k Wissenschaftlicher Sozialismus, Kommunismus, Bolschewismus |k Allgemeines |0 (DE-627)1271457814 |0 (DE-625)rvk/126117: |0 (DE-576)201457814 |
| 936 | r | v | |a NK 6770 |b Ideengeschichte |k Geschichte |k Weltgeschichte, Darstellungen Allgemeine Geschichte einzelner Staaten und Völker Teilgebiete der Geschichte, Sammelwerke |k Teilgebiete der Geschichte |k Geschichte der politischen und sozialen Ideen und Bewegungen und der politischen Parteien |k Sozialismus, Kommunismus |k Ideengeschichte |0 (DE-627)1271457784 |0 (DE-625)rvk/126113: |0 (DE-576)201457784 |
| 936 | r | v | |a NY 1600 |b Einzelbeiträge und Sammelschriften |k Geschichte |k Geschichte der Juden |k Einzelbeiträge und Sammelschriften |0 (DE-627)1271515520 |0 (DE-625)rvk/132328: |0 (DE-576)201515520 |
| 936 | r | v | |a NY 4000 |b Neuzeit |k Geschichte |k Geschichte der Juden |k Geistes- und Kulturgeschichte |k Neuzeit |0 (DE-627)1271460491 |0 (DE-625)rvk/132334: |0 (DE-576)201460491 |
| 936 | b | k | |a 15.96 |j Geschichte des jüdischen Volkes außerhalb des Staates Israel |0 (DE-627)106404660 |
| 936 | b | k | |a 89.15 |j Kommunismus |x Politologie |0 (DE-627)106418025 |
| 951 | |a BO | ||
| ACO | |a 1 | ||
| ELC | |b 1 | ||
| ITA | |a 1 |t 1 | ||
| LOK | |0 000 xxxxxcx a22 zn 4500 | ||
| LOK | |0 001 3211263934 | ||
| LOK | |0 003 DE-627 | ||
| LOK | |0 004 394094085 | ||
| LOK | |0 005 20050524000000 | ||
| LOK | |0 008 050524||||||||||||||||ger||||||| | ||
| LOK | |0 040 |a DE-21 |c DE-627 |d DE-21 | ||
| LOK | |0 852 |a DE-21 | ||
| LOK | |0 852 1 |c ZA 6352-20 |9 00 | ||
| LOK | |0 935 |a vord | ||
| LOK | |0 938 |l 24/05/05 |8 6 | ||
| LOK | |0 939 |a 24-05-05 |b l01 | ||
| ORI | |a SA-MARC-ixtheoa001.raw | ||
| REL | |a 1 | ||
| STA | 0 | 0 | |a Communism,Jews,Jews,Jew,Jews in literature |
| STB | 0 | 0 | |a Communisme,Juifs,Juifs |
| STC | 0 | 0 | |a Comunismo,Maoísmo,Judíos,Judíos,Judíos |
| STD | 0 | 0 | |a Comunismo,Ebrei,Ebrei |
| STE | 0 | 0 | |a 共产主义,犹太人,犹太人 |
| STF | 0 | 0 | |a 共產主義,猶太人,猶太人 |
| STG | 0 | 0 | |a Comunismo,Judeus,Judeus |
| STH | 0 | 0 | |a Евреи (мотив),Евреи,Коммунизм |
| STI | 0 | 0 | |a Εβραίοι (μοτίβο),Εβραίοι,Κομμουνισμός |
| SUB | |a REL | ||
| SYE | 0 | 0 | |a Jews,Jüdinnen,Jude,Jüdin,Jude |
| SYG | 0 | 0 | |a Jews,Jüdinnen,Jude,Jüdin,Jude |
| TIM | |a 100020010101_100020011231 |b 2001 - 2001 | ||



